000 00582nam a2200277Ia 4500
001 1126
008 191123s9999 xx 000 0 und d
041 _aspa
044 _asp
100 _aLegendre, Mauricio,
245 0 _aEn España.
260 _aBarcelona :
_bGustavo Gili,
_c1936.
300 _a26 p.
_b158 fotos
650 _aARQUITECTURA
650 _aESPAÑA
650 _aFOTOGRAFIAS
902 _aM
903 _am
904 _am
907 _aImpreso
911 _a158 fotos
912 _a1936
942 _cLIBRO
999 _c919
_d919
550 _a158 fotos